000 00655nam a22002057a 4500
003 NUST - PNEC
005 20170116181159.0
008 160204b xxu||||| |||| 00| 0 eng d
020 _a9781119032946
040 _cLIBRARY
082 _a629.2 BOS
100 _916262
_aBosch Robert
245 _aAutomotive handbook
_cRobert Bosch
250 _a9th ed.
260 _aEngland
_bJohn Wiley & Sons
_cc.2014
300 _a1544 pages.
650 _916263
_aMotor vehicles
_xME, IME
856 _uhttp://www.amazon.com/Automotive-Handbook-Robert-Bosch-GmbH/dp/1119032946/ref=sr_1_1?ie=UTF8&qid=1454567180&sr=8-1&keywords=9781119032946
942 _2ddc
_cBK
999 _c71386
_d71386